Widok standardowy
Widok MARC
Pozycja Corporate Name
Liczba rekordów, w których użyto hasła: 1
001 - Numer kontrolny
- control field: 36522
003 - Identyfikator numeru kontrolnego
- control field: NUKAT
005 - Data i czas ostatniej modyfikacji
- control field: 20260212100232.0
008 - Dane kontrolne kodowane (40 znaków)
- fixed length control field: 260114n||a|znnaabn |a ana |c
010 ## - Numer kontrolny Biblioteki Kongresu
- numer kontrolny LC: n 2026005705
035 ## - Numer systemowy
- numer systemowy: (PlWaBN)p 2023202702
035 ## - Numer systemowy
- numer systemowy: (PL)a1000001235418
040 ## - Instytucja sporządzająca rekord
- inst. przygot. dane do rek. khw: WA U/WI
- język haseł przedmiotowych/tezaurus: kaba
- inst. wprow. rek. khw: WA U/WI
043 ## - Kod obszaru geograficznego
- ISO code: PL
046 ## - Special dates
- Establishment date: 2003
110 2# - Hasło - nazwa ciała zbiorowego
- nazwa ciała zbior. lub geogr. na pocz.: Kaszubsko-Pomorska Szkoła Wyższa (Wejherowo).
370 ## - Associated place
- Country: Polska
370 ## - Associated place
- Residence/HQ: Wejherowo (woj. pomorskie)
377 ## - Assoc lang
- Lang code: pol
410 2# - Trop zob. - nazwa ciała zbiorowego
- nazwa ciała zbior. lub geogr. na pocz.: Kaszubsko-Pomorska Szkoła Wyższa w Wejherowie
670 ## - Źródło informacji
- źródło informacji: Istota zasady jawności w postępowaniu administracyjnym / Karolina Muzyczka (Kaszubsko-Pomorska Szkoła Wyższa w Wejherowie). W: Prawne aspekty społecznej kontroli administracji publicznej. T. 1. - Lublin, 2022.
670 ## - Źródło informacji
- źródło informacji: Nauka Polska